01628nab a22002657a 4500999001500000003000400015005001700019008004100036040000700077100003700084245012800121300001500249500003700264505041700301505021000718650002800928650005800956650003501014650004201049650003501091650003501126700003201161773015601193942001301349 c6226d6226OSt20260126020005.0190514b xxu||||| |||| 00| 0 spa d cPJ 96947aAvellaneda, María Pía 10a Ampliando el modelo familiar como medio de protección de derechos /b cMaría Pía Avellaneda, Estefanía Pereyra.  ap. 242-254 aCita: TR LALEY AR/DOC/2119/2024. aSumario: I. Derecho a vivir en familia. Enfoque de los derechos humanos de los niños, niñas y adolescentes.— II. Los NNyA en los procesos y el derecho a decidir.— III. Responsabilidad parental. Titularidad y ejercicio.— IV. Modelo de familia alternativo. Desdoblamiento del sistema de crianza.— V. El caso: "D. Y. C. M. s/ especiales (residual)".— VI. Análisis de la sentencia. Palabras finales.  tFallo comentado: JFamilia y Sucesiones 1a Nom., Tucumán ~ 21/02/2024 ~ D. Y. C. M. s/ especiales (residual). JFamilia y Sucesiones 1a Nom., Tucumán ~ 21/02/2024 ~ D. Y. C. M. s/ especiales (residual). 09967aDERECHO DE FAMILIA 092741aDERECHOS DE LAS NIÑAS, NIÑOS Y ADOLESCENTES 091015aRESPONSABILIDAD PARENTAL 096744aCRIOPRESERVACIÓN DE EMBRIONES 094273aCONSENTIMIENTO INFORMADO 091057aJURISPRUDENCIA APLICABLE 96948aPereyra, Estefanía 0 0284493222dBuenos Aires : AbeledoPerrot, 1989-tDerecho de familia. Revista Interdisciplinaria de doctrina y jurisprudencia. Octubre 2024-V.z18511201 2udccANA